| 000 | 00790nam a22002537a 4500 | ||
|---|---|---|---|
| 005 | 20220121091029.0 | ||
| 008 | 220121b ||||| |||| 00| 0 eng d | ||
| 040 | _cAL | ||
| 041 | _aeng | ||
| 082 |
_223 _a954.552 _bKUMP |
||
| 100 |
_aPramod Kumar...[et al.] _914099 |
||
| 245 | _aPunjab Criisis: Context and Trends | ||
| 260 |
_aChandigarh _bCentre For Research in Rural and Industrial Development _c1984 |
||
| 300 |
_a171 p. _bPB _c22x14 cm. |
||
| 365 |
_b2.50 _c₹ _d2.50 |
||
| 650 |
_aReligion and Politics India-Punjab _914100 |
||
| 650 |
_aPunjab History _914101 |
||
| 650 |
_aPunjab Ethnic Relations _914102 |
||
| 700 |
_aKUMAR (Pramod) _914103 |
||
| 700 |
_aSHARMA (Manmohan) _914104 |
||
| 700 |
_aSOOD (Atul) _914105 |
||
| 700 |
_aHANDA (Ashwani) _914106 |
||
| 942 |
_2ddc _cGF |
||
| 999 |
_c221279 _d221279 |
||